The spot : stories / (Record no. 589789)

000 -LEADER
fixed length control field 00375nam a22001457a 4500
020 ## - INTERNATIONAL STANDARD BOOK NUMBER
International Standard Book Number 9780865479128
082 ## - DEWEY DECIMAL CLASSIFICATION NUMBER
Classification number 813.54
Author Mark MEA
100 ## - MAIN ENTRY--PERSONAL NAME
Personal name Means, David,
Dates associated with a name 1961-
245 ## - TITLE STATEMENT
Title The spot : stories /
Statement of responsibility, etc. David Means
260 ## - PUBLICATION, DISTRIBUTION, ETC.
Place of publication, distribution, etc. New York:
Name of publisher, distributor, etc. Faber and Faber Inc.
Date of publication, distribution, etc. 2010
300 ## - PHYSICAL DESCRIPTION
Extent 164 p.
563 ## - BINDING INFORMATION
Binding note HBK
650 ## - SUBJECT ADDED ENTRY--TOPICAL TERM
Topical term or geographic name entry element Short stories, American
942 ## - ADDED ENTRY ELEMENTS (KOHA)
Source of classification or shelving scheme
Koha item type Book
650 ## - SUBJECT ADDED ENTRY--TOPICAL TERM
-- 8229
Holdings
Withdrawn status Lost status Source of classification or shelving scheme Damaged status Not for loan Permanent Location Current Location Shelving location Date acquired Total Checkouts Total Renewals Full call number Barcode Checked out Date last seen Price effective from Koha item type
          Central Library (CL) Central Library (CL) Fiction 05/18/2022   2 813.54 MEA CL3285 05/15/2026 05/18/2022 05/18/2022 Book
© 2023 Central Library, National University of Sciences and Technology. All Rights Reserved.